000 00457pab a2200169 454500
008 180718b2003 xxu||||| |||| 00| 0 eng d
100 _aJain, A.K.
245 _aChallenges before the banking and financial sectors in the context of globalisation
260 _c2003
300 _ap.183-87.
362 _aJul
650 _aGlobalization - India
650 _aBanks - India
650 _aBanks
773 _aIndian Journal of Economics
909 _a58972
999 _c58972
_d58972